مكتبة جامعة عجلون الوطنية

فهرس بحث المكتبة

Normal view MARC view
  • اعداد المحمود، ميساء علي عيسى؛ اشراف احمد مصطفى القضاة

Entry Personal Name

Number of records used in: 1

001 - CONTROL NUMBER

  • control field: 57875

003 - CONTROL NUMBER IDENTIFIER

  • control field: JO-AjAnu

005 - DATE AND TIME OF LATEST TRANSACTION

  • control field: 20230606083456.0

008 - FIXED-LENGTH DATA ELEMENTS

  • fixed length control field: 230606|| aca||aabn | a|a d

040 ## - CATALOGING SOURCE

  • Original cataloging agency: JO-AjAnu
  • Transcribing agency: JO-AjAnu

100 ## - HEADING--PERSONAL NAME

  • Personal name: اعداد المحمود، ميساء علي عيسى؛ اشراف احمد مصطفى القضاة

670 ## - SOURCE DATA FOUND

  • Source citation: Work cat.: (JO-AjAnu)29529: اعداد المحمود، ميساء علي عيسى؛ اشراف احمد مصطفى القضاة, author, نظام صندوق تسليف النفقة الاردني لسنة 2015م: دراسة فقهية في ضوء قانون الاحوال الشخصبة الاردني رقم 36 لسنة 2010م = Jordanian alimony fund regulation for the year of 2015 : A jurisprudence study in the light of Jordanian personal status law No 36. Of year 2010